[Event "Summer Prague Open 2022 - A"]
[Site "Olympik hotel, Sokolovska 138, Praha"]
[Date "2022.08.11"]
[Round "8"]
[Board "14"]
[White "Pozzari, Simone"]
[Black "Kvaloy, Aksel Bu"]
[Result "1/2-1/2"]
[WhiteElo "2156"]
[BlackElo "2266"]
[PlyCount "0"]
[EventDate "2022.08.05"]
[EventRounds "9"]
[EventCountry "CZE"]

1. e4 {[%clk 1:30:57]} e5 {[%clk 1:30:47]} 2. Nf3 {[%clk 1:31:20]} Nc6
{[%clk 1:31:05]} 3. Bb5 {[%clk 1:31:44]} a6 {[%clk 1:31:14]} 4. Ba4
{[%clk 1:32:07]} Nf6 {[%clk 1:31:40]} 5. O-O {[%clk 1:32:28]} Be7
{[%clk 1:32:03]} 6. Re1 {[%clk 1:32:53]} b5 {[%clk 1:32:15]} 7. Bb3
{[%clk 1:33:17]} O-O {[%clk 1:32:35]} 8. a4 {[%clk 1:33:39]} Bb7 {[%clk 1:32:17]}
9. d3 {[%clk 1:34:02]} d6 {[%clk 1:32:19]} 10. Nbd2 {[%clk 1:34:24]} Nd7
{[%clk 1:31:34]} 11. c3 {[%clk 1:34:47]} Nc5 {[%clk 1:31:25]} 12. axb5
{[%clk 1:35:11]} axb5 {[%clk 1:31:42]} 13. Rxa8 {[%clk 1:35:34]} Qxa8
{[%clk 1:31:51]} 14. Bc2 {[%clk 1:35:58]} b4 {[%clk 1:31:40]} 15. d4
{[%clk 1:34:51]} bxc3 {[%clk 1:30:35]} 16. bxc3 {[%clk 1:34:52]} Nd7
{[%clk 1:30:50]} 17. Nf1 {[%clk 1:27:09]} Qa1 {[%clk 1:31:11]} 18. Bd2
{[%clk 1:25:46]} Qxd1 {[%clk 1:30:17]} 19. Rxd1 {[%clk 1:26:04]} Ra8
{[%clk 1:30:39]} 20. Rb1 {[%clk 1:25:49]} Na5 {[%clk 1:14:09]} 21. Ne3
{[%clk 1:07:46]} g6 {[%clk 0:56:16]} 22. h3 {[%clk 0:59:23]} Bf6 {[%clk 0:44:07]}
23. d5 {[%clk 0:51:13]} Ba6 {[%clk 0:32:18]} 24. Ra1 {[%clk 0:29:53]} Nb7
{[%clk 0:30:47]} 25. Bd3 {[%clk 0:25:37]} Nbc5 {[%clk 0:30:02]} 26. Bxa6
{[%clk 0:23:42]} Nxa6 {[%clk 0:29:58]} 27. Nc2 {[%clk 0:23:11]} Nb6
{[%clk 0:26:17]} 28. Be3 {[%clk 0:21:17]} Nb8 {[%clk 0:26:04]} 29. Rxa8
{[%clk 0:19:05]} Nxa8 {[%clk 0:26:30]} 30. Nb4 {[%clk 0:19:03]} Kf8
{[%clk 0:21:06]} 31. Nd2 {[%clk 0:17:11]} Ke8 {[%clk 0:20:16]} 32. c4
{[%clk 0:16:49]} Be7 {[%clk 0:16:35]} 33. Nb3 {[%clk 0:03:56]} Kd7
{[%clk 0:13:27]} 34. c5 {[%clk 0:02:15]} c6 {[%clk 0:08:02]} 35. Na5
{[%clk 0:01:39]} cxd5 {[%clk 0:07:30]} 36. c6+ {[%clk 0:02:01]} Nxc6
{[%clk 0:07:33]} 37. Naxc6 {[%clk 0:02:08]} dxe4 {[%clk 0:07:39]} 38. Nxe7
{[%clk 0:01:16]} Kxe7 {[%clk 0:08:03]} 39. f3 {[%clk 0:01:00]} exf3
{[%clk 0:07:48]} 40. gxf3 {[%clk 0:01:25]} Nc7 {[%clk 0:04:18]} 41. Bb6
{[%clk 0:00:48]} Nb5 {[%clk 0:01:52]} 42. Kf2 {[%clk 0:26:26]} Ke6
{[%clk 0:29:50]} 43. Nd3 {[%clk 0:24:31]} Nc3 {[%clk 0:27:44]} 44. Ba5
{[%clk 0:24:20]} Nd5 {[%clk 0:25:51]} 45. Bd8 {[%clk 0:23:49]} Kf5
{[%clk 0:23:30]} 46. Kg3 {[%clk 0:23:02]} h6 {[%clk 0:21:09]} 47. Nf2
{[%clk 0:21:59]} Nf6 {[%clk 0:12:17]} 48. Bxf6 {[%clk 0:21:47]} Kxf6
{[%clk 0:12:42]} 49. Ng4+ {[%clk 0:19:41]} Kg7 {[%clk 0:09:35]} 50. Ne3
{[%clk 0:19:48]} Kf8 {[%clk 0:08:09]} 51. Nd5 {[%clk 0:19:39]} f5
{[%clk 0:07:08]} 52. Kf2 {[%clk 0:17:58]} Kf7 {[%clk 0:06:46]} 53. Ke3
{[%clk 0:18:09]} g5 {[%clk 0:05:40]} 54. Kd3 {[%clk 0:17:42]} h5 {[%clk 0:04:26]}
55. Ke3 {[%clk 0:17:55]} h4 {[%clk 0:02:06]} 56. Nc7 {[%clk 0:18:17]} Ke7
{[%clk 0:01:12]} 57. Nd5+ {[%clk 0:18:38]} Kd7 {[%clk 0:00:57]} 58. Kf2
{[%clk 0:17:06]} Ke6 {[%clk 0:00:51]} 59. Nc7+ {[%clk 0:17:29]} Kd7
{[%clk 0:00:56]} 60. Nd5 {[%clk 0:17:53]} Ke6 {[%clk 0:01:24]}  1/2-1/2

[Event "Summer Prague Open 2022 - A"]
[Site "Olympik hotel, Sokolovska 138, Praha"]
[Date "2022.08.11"]
[Round "8"]
[Board "15"]
[White "Slampa, Jan"]
[Black "Philipp, Mathias"]
[Result "0-1"]
[WhiteElo "2250"]
[BlackElo "2092"]
[PlyCount "0"]
[EventDate "2022.08.05"]
[EventRounds "9"]
[EventCountry "CZE"]

1. d4 {[%clk 1:30:57]} f5 {[%clk 1:30:54]} 2. c4 {[%clk 1:30:46]} Nf6
{[%clk 1:31:19]} 3. Nc3 {[%clk 1:31:10]} e6 {[%clk 1:31:43]} 4. Bf4
{[%clk 1:31:00]} Bb4 {[%clk 1:31:19]} 5. Nf3 {[%clk 1:29:49]} Bxc3+
{[%clk 1:31:06]} 6. bxc3 {[%clk 1:30:17]} b6 {[%clk 1:31:31]} 7. e3
{[%clk 1:27:29]} Bb7 {[%clk 1:31:29]} 8. Bd3 {[%clk 1:25:29]} d6 {[%clk 1:29:15]}
9. O-O {[%clk 1:21:31]} Nbd7 {[%clk 1:28:40]} 10. Bg3 {[%clk 1:16:35]} Ne4
{[%clk 1:26:34]} 11. Bh4 {[%clk 1:12:22]} Ndf6 {[%clk 1:25:06]} 12. c5
{[%clk 1:02:42]} bxc5 {[%clk 1:16:08]} 13. Qb3 {[%clk 0:56:23]} Bd5
{[%clk 1:12:34]} 14. c4 {[%clk 0:47:15]} Bc6 {[%clk 1:10:35]} 15. Bxe4
{[%clk 0:46:59]} fxe4 {[%clk 1:03:59]} 16. Ng5 {[%clk 0:41:32]} Qe7
{[%clk 0:56:26]} 17. dxc5 {[%clk 0:37:02]} e5 {[%clk 0:54:36]} 18. cxd6
{[%clk 0:35:03]} cxd6 {[%clk 0:54:23]} 19. Rad1 {[%clk 0:26:15]} h6
{[%clk 0:54:15]} 20. c5 {[%clk 0:14:59]} d5 {[%clk 0:54:10]} 21. Nxe4
{[%clk 0:15:12]} dxe4 {[%clk 0:49:54]} 22. Rd6 {[%clk 0:15:41]} Bd7
{[%clk 0:48:25]} 23. Bxf6 {[%clk 0:15:04]} gxf6 {[%clk 0:48:45]} 24. Rfd1
{[%clk 0:15:23]} Bg4 {[%clk 0:44:49]} 25. Qd5 {[%clk 0:08:18]} Rc8
{[%clk 0:41:14]} 26. Rd2 {[%clk 0:06:06]} Bf5 {[%clk 0:36:57]} 27. h3
{[%clk 0:06:08]} h5 {[%clk 0:36:55]} 28. c6 {[%clk 0:06:22]} Kf8 {[%clk 0:36:38]}
29. Rb2 {[%clk 0:01:43]} Kg7 {[%clk 0:34:49]} 30. Rb7 {[%clk 0:01:55]} Rc7
{[%clk 0:35:15]} 31. Rd7 {[%clk 0:00:37]} Rxd7 {[%clk 0:35:41]} 32. cxd7
{[%clk 0:01:06]} Rd8 {[%clk 0:36:01]} 33. Rxa7 {[%clk 0:00:54]} Rxd7
{[%clk 0:36:22]} 34. Rxd7 {[%clk 0:01:19]} Qxd7 {[%clk 0:36:49]} 35. Qc4
{[%clk 0:01:17]} Be6 {[%clk 0:35:11]} 36. Qxe4 {[%clk 0:01:29]} Bxa2
{[%clk 0:35:28]} 37. Kh2 {[%clk 0:01:40]} Qd5 {[%clk 0:33:59]} 38. Qf5
{[%clk 0:01:17]} e4 {[%clk 0:33:50]} 39. Qc8 {[%clk 0:01:27]} Qe5+
{[%clk 0:32:41]} 40. Kg1 {[%clk 0:01:39]} Bf7 {[%clk 0:30:58]} 41. Qc1
{[%clk 0:29:17]} Qd5 {[%clk 0:58:39]} 42. Qc7 {[%clk 0:27:44]} Kg6
{[%clk 0:57:46]} 43. Qb8 {[%clk 0:27:28]} Qe5 {[%clk 0:57:43]} 44. Qb6
{[%clk 0:27:01]} Qa1+ {[%clk 0:51:45]} 45. Kh2 {[%clk 0:27:29]} Qf1
{[%clk 0:52:02]} 46. Qb2 {[%clk 0:27:11]} Qd1 {[%clk 0:48:13]} 47. Qb8
{[%clk 0:23:24]} Qa1 {[%clk 0:38:03]} 48. Qb4 {[%clk 0:19:29]} Qe5+
{[%clk 0:30:58]} 49. Kg1 {[%clk 0:19:51]} Kf5 {[%clk 0:30:41]} 50. Qb7
{[%clk 0:18:21]} Qd5 {[%clk 0:23:42]} 51. Qc8+ {[%clk 0:18:17]} Ke5
{[%clk 0:22:06]} 52. Qc7+ {[%clk 0:16:32]} Ke6 {[%clk 0:17:51]} 53. Qb6+
{[%clk 0:16:57]} Ke7 {[%clk 0:17:49]} 54. Qb4+ {[%clk 0:17:25]} Kd7
{[%clk 0:17:19]} 55. Qa4+ {[%clk 0:17:16]} Ke6 {[%clk 0:08:48]} 56. Qa6+
{[%clk 0:16:26]} Ke5 {[%clk 0:09:11]} 57. Qa7 {[%clk 0:15:55]} f5
{[%clk 0:07:56]} 58. Qc7+ {[%clk 0:15:32]} Ke6 {[%clk 0:08:14]} 59. Qc8+
{[%clk 0:14:43]} Kd6 {[%clk 0:08:38]} 60. Kh2 {[%clk 0:12:52]} Qe6
{[%clk 0:07:53]} 61. Qc1 {[%clk 0:09:45]} Qc4 {[%clk 0:07:56]} 62. Qa3+
{[%clk 0:09:42]} Kc6 {[%clk 0:08:11]} 63. Qa8+ {[%clk 0:09:36]} Kb5
{[%clk 0:06:58]} 64. Qb7+ {[%clk 0:09:32]} Ka5 {[%clk 0:07:17]} 65. Qa7+
{[%clk 0:08:12]} Kb4 {[%clk 0:07:19]} 66. Qb6+ {[%clk 0:08:29]} Ka4
{[%clk 0:06:57]} 67. Qb8 {[%clk 0:07:18]} Qd5 {[%clk 0:06:33]} 68. Kg1
{[%clk 0:07:11]} Ka3 {[%clk 0:06:39]} 69. Qb6 {[%clk 0:06:35]} Be6
{[%clk 0:06:54]} 70. Qb8 {[%clk 0:06:44]} Bd7 {[%clk 0:06:59]} 71. Qb6
{[%clk 0:06:02]} Qb5 {[%clk 0:06:28]} 72. Qg6 {[%clk 0:04:20]} Be8
{[%clk 0:06:49]} 73. Qd6+ {[%clk 0:04:12]} Ka2 {[%clk 0:07:14]} 74. Qd2+
{[%clk 0:03:57]} Ka1 {[%clk 0:06:16]} 75. Qc3+ {[%clk 0:04:26]} Kb1
{[%clk 0:06:35]} 76. Kh2 {[%clk 0:04:55]} Bd7 {[%clk 0:05:51]} 77. Qh8
{[%clk 0:04:48]} Be8 {[%clk 0:04:14]} 78. Qc3 {[%clk 0:05:16]} Qb8+
{[%clk 0:04:23]} 79. Kg1 {[%clk 0:05:44]} Qb2 {[%clk 0:04:39]} 80. Qa5
{[%clk 0:05:33]} Bb5 {[%clk 0:04:54]} 81. Kh2 {[%clk 0:05:34]} Qe5+
{[%clk 0:04:44]} 82. Kg1 {[%clk 0:06:01]} Qc5 {[%clk 0:04:58]} 83. Kh2
{[%clk 0:05:45]} Kc2 {[%clk 0:05:26]} 84. Qa2+ {[%clk 0:04:33]} Kd1
{[%clk 0:05:46]} 85. Qb1+ {[%clk 0:03:12]} Ke2 {[%clk 0:06:11]} 86. Qb2+
{[%clk 0:02:07]} Kf1 {[%clk 0:06:26]} 87. g3 {[%clk 0:00:33]} Bd3
{[%clk 0:05:44]} 88. Qa1+ {[%clk 0:00:31]} Ke2 {[%clk 0:05:49]} 89. Kg2
{[%clk 0:00:32]} Bc2 {[%clk 0:05:06]} 90. Qh8 {[%clk 0:00:33]} Bd1
{[%clk 0:04:48]} 91. Qxh5+ {[%clk 0:00:38]} Ke1 {[%clk 0:05:13]} 92. Qh8
{[%clk 0:00:36]} Qc4 {[%clk 0:05:12]} 93. Qb2 {[%clk 0:00:33]} Qf1+
{[%clk 0:05:34]} 94. Kh2 {[%clk 0:00:59]} Qxf2+ {[%clk 0:05:58]}  0-1

[Event "Summer Prague Open 2022 - A"]
[Site "Olympik hotel, Sokolovska 138, Praha"]
[Date "2022.08.11"]
[Round "8"]
[Board "16"]
[White "Ehrlich, Roy"]
[Black "Pap, Gyula"]
[Result "1/2-1/2"]
[WhiteElo "2183"]
[BlackElo "2481"]
[PlyCount "0"]
[EventDate "2022.08.05"]
[EventRounds "9"]
[EventCountry "CZE"]

1. e4 {[%clk 1:30:57]} c6 {[%clk 1:30:33]} 2. d4 {[%clk 1:31:22]} d5
{[%clk 1:30:54]} 3. Nd2 {[%clk 1:31:44]} dxe4 {[%clk 1:26:33]} 4. Nxe4
{[%clk 1:32:08]} Nf6 {[%clk 1:26:58]} 5. Nxf6+ {[%clk 1:32:32]} exf6
{[%clk 1:27:22]} 6. c3 {[%clk 1:32:58]} Bd6 {[%clk 1:27:43]} 7. Bd3
{[%clk 1:33:24]} O-O {[%clk 1:27:54]} 8. Qc2 {[%clk 1:33:51]} Re8+
{[%clk 1:27:44]} 9. Be3 {[%clk 1:34:15]} h5 {[%clk 1:26:45]} 10. Nf3
{[%clk 1:34:40]} Bf4 {[%clk 1:18:33]} 11. O-O {[%clk 1:34:35]} Bc7
{[%clk 1:09:25]} 12. c4 {[%clk 1:16:49]} Nd7 {[%clk 1:03:46]}  1/2-1/2

[Event "Summer Prague Open 2022 - A"]
[Site "Olympik hotel, Sokolovska 138, Praha"]
[Date "2022.08.11"]
[Round "8"]
[Board "17"]
[White "Winter, Ondrej"]
[Black "Meissner, Felix"]
[Result "1/2-1/2"]
[WhiteElo "2169"]
[BlackElo "2381"]
[PlyCount "0"]
[EventDate "2022.08.05"]
[EventRounds "9"]
[EventCountry "CZE"]

1. e4 {[%clk 1:30:57]} c5 {[%clk 1:30:55]} 2. Nf3 {[%clk 1:31:23]} d6
{[%clk 1:31:21]} 3. c3 {[%clk 1:31:36]} Nf6 {[%clk 1:30:56]} 4. Be2
{[%clk 1:31:58]} Nc6 {[%clk 1:30:52]} 5. d4 {[%clk 1:32:21]} cxd4
{[%clk 1:30:44]} 6. cxd4 {[%clk 1:32:50]} d5 {[%clk 1:30:48]} 7. e5
{[%clk 1:32:57]} Ne4 {[%clk 1:30:43]} 8. O-O {[%clk 1:31:35]} h6 {[%clk 1:21:44]}
9. Nc3 {[%clk 1:31:12]} e6 {[%clk 1:15:56]} 10. Bd3 {[%clk 1:30:51]} Ng5
{[%clk 1:12:31]} 11. Be3 {[%clk 1:09:05]} Be7 {[%clk 0:53:46]} 12. Ne1
{[%clk 1:01:09]} f5 {[%clk 0:50:01]} 13. exf6 {[%clk 1:00:30]} Bxf6
{[%clk 0:50:03]} 14. Qh5+ {[%clk 0:47:10]} Nf7 {[%clk 0:47:32]} 15. Nf3
{[%clk 0:46:20]} Ne7 {[%clk 0:42:43]} 16. Bf4 {[%clk 0:21:44]} a6
{[%clk 0:39:41]} 17. Rfe1 {[%clk 0:20:57]} O-O {[%clk 0:39:11]} 18. Na4
{[%clk 0:16:24]} b6 {[%clk 0:35:16]} 19. g4 {[%clk 0:11:45]} g5 {[%clk 0:25:20]}
20. Be5 {[%clk 0:11:42]} Bg7 {[%clk 0:20:06]} 21. Rac1 {[%clk 0:06:28]} Ra7
{[%clk 0:18:30]} 22. h4 {[%clk 0:04:26]} Nxe5 {[%clk 0:12:07]} 23. Nxe5
{[%clk 0:04:53]} gxh4 {[%clk 0:09:35]} 24. g5 {[%clk 0:03:45]} Qe8
{[%clk 0:06:55]} 25. Qxe8 {[%clk 0:04:04]} Rxe8 {[%clk 0:07:24]} 26. Nxb6
{[%clk 0:04:00]} hxg5 {[%clk 0:06:50]} 27. Nxc8 {[%clk 0:02:04]} Rxc8
{[%clk 0:06:11]} 28. Rxc8+ {[%clk 0:02:31]} Nxc8 {[%clk 0:06:36]} 29. Nc6
{[%clk 0:02:57]} Rc7 {[%clk 0:04:47]} 30. Rxe6 {[%clk 0:03:19]} Kf8
{[%clk 0:03:04]} 31. Bxa6 {[%clk 0:02:21]} Ne7 {[%clk 0:02:39]} 32. Bb5
{[%clk 0:00:54]} Nxc6 {[%clk 0:01:27]} 33. Rxc6 {[%clk 0:01:18]} Rxc6
{[%clk 0:00:43]} 34. Bxc6 {[%clk 0:01:47]} Bxd4 {[%clk 0:01:04]} 35. b3
{[%clk 0:01:36]} Ke7 {[%clk 0:00:42]} 36. Bxd5 {[%clk 0:01:59]} Kd6
{[%clk 0:00:52]} 37. Bc4 {[%clk 0:01:33]} Kc5 {[%clk 0:00:43]} 38. Kg2
{[%clk 0:01:27]}  1/2-1/2

[Event "Summer Prague Open 2022 - A"]
[Site "Olympik hotel, Sokolovska 138, Praha"]
[Date "2022.08.11"]
[Round "8"]
[Board "18"]
[White "Guz, Ari"]
[Black "Hajiyev, Kanan"]
[Result "1-0"]
[WhiteElo "2308"]
[BlackElo "2131"]
[PlyCount "0"]
[EventDate "2022.08.05"]
[EventRounds "9"]
[EventCountry "CZE"]

1. c4 {[%clk 1:30:46]} c6 {[%clk 1:30:09]} 2. Nc3 {[%clk 1:30:40]} d5
{[%clk 1:30:31]} 3. d4 {[%clk 1:31:04]} Nf6 {[%clk 1:30:44]} 4. Nf3
{[%clk 1:31:25]} g6 {[%clk 1:30:44]} 5. cxd5 {[%clk 1:31:43]} cxd5
{[%clk 1:31:02]} 6. Bf4 {[%clk 1:32:03]} Bg7 {[%clk 1:30:51]} 7. e3
{[%clk 1:32:25]} O-O {[%clk 1:31:15]} 8. h3 {[%clk 1:32:49]} Nc6 {[%clk 1:31:31]}
9. Be2 {[%clk 1:33:05]} Ne4 {[%clk 1:31:04]} 10. Rc1 {[%clk 1:33:28]} Bf5
{[%clk 1:31:20]} 11. O-O {[%clk 1:33:46]} Rc8 {[%clk 1:31:08]} 12. Qb3
{[%clk 1:34:04]} Qd7 {[%clk 1:31:28]} 13. Qa3 {[%clk 1:33:04]} h6
{[%clk 1:28:05]} 14. b4 {[%clk 1:31:37]} g5 {[%clk 1:25:07]} 15. Bh2
{[%clk 1:32:00]} g4 {[%clk 1:23:14]} 16. hxg4 {[%clk 1:29:50]} Bxg4
{[%clk 1:23:43]} 17. b5 {[%clk 1:22:14]} Nd8 {[%clk 1:24:11]} 18. Qb2
{[%clk 1:06:28]} Nxc3 {[%clk 1:10:42]} 19. Rxc3 {[%clk 1:06:50]} Rxc3
{[%clk 1:11:05]} 20. Qxc3 {[%clk 1:07:13]} f6 {[%clk 1:11:23]} 21. Rc1
{[%clk 0:42:04]} Nf7 {[%clk 1:06:43]} 22. Qb4 {[%clk 0:40:34]} e5
{[%clk 0:59:59]} 23. dxe5 {[%clk 0:34:29]} fxe5 {[%clk 0:59:39]} 24. Nxe5
{[%clk 0:32:58]} Nxe5 {[%clk 0:49:43]} 25. Bxe5 {[%clk 0:33:25]} Bxe5
{[%clk 0:34:36]} 26. Bxg4 {[%clk 0:30:38]} Qf7 {[%clk 0:32:31]} 27. Bf3
{[%clk 0:29:14]} d4 {[%clk 0:24:51]} 28. exd4 {[%clk 0:26:29]} Qf4
{[%clk 0:25:20]} 29. Qc4+ {[%clk 0:26:49]}  1-0

[Event "Summer Prague Open 2022 - A"]
[Site "Olympik hotel, Sokolovska 138, Praha"]
[Date "2022.08.11"]
[Round "8"]
[Board "19"]
[White "Lhotska, Anna"]
[Black "Sorm, Daniel"]
[Result "1-0"]
[WhiteElo "2081"]
[BlackElo "2308"]
[PlyCount "0"]
[EventDate "2022.08.05"]
[EventRounds "9"]
[EventCountry "CZE"]

1. e4 {[%clk 1:30:56]} d5 {[%clk 1:24:50]} 2. exd5 {[%clk 1:31:16]} Qxd5
{[%clk 1:25:13]} 3. Nc3 {[%clk 1:31:38]} Qa5 {[%clk 1:25:34]} 4. d4
{[%clk 1:31:54]} Nf6 {[%clk 1:25:37]} 5. Bc4 {[%clk 1:29:26]} Bg4
{[%clk 1:24:23]} 6. f3 {[%clk 1:29:12]} Bd7 {[%clk 1:24:39]} 7. Bd2
{[%clk 1:26:04]} c6 {[%clk 1:24:37]} 8. Qe2 {[%clk 1:20:35]} e6 {[%clk 1:23:14]}
9. O-O-O {[%clk 1:16:26]} Qc7 {[%clk 1:20:53]} 10. f4 {[%clk 0:59:44]} b5
{[%clk 1:21:00]} 11. Bd3 {[%clk 0:59:37]} Bb4 {[%clk 1:13:54]} 12. g3
{[%clk 0:52:11]} Nd5 {[%clk 1:07:00]} 13. Ne4 {[%clk 0:49:42]} Bxd2+
{[%clk 1:06:52]} 14. Qxd2 {[%clk 0:47:56]} Na6 {[%clk 1:07:02]} 15. Nf3
{[%clk 0:44:50]} O-O {[%clk 1:01:45]} 16. Neg5 {[%clk 0:41:44]} h6
{[%clk 1:00:32]} 17. h4 {[%clk 0:38:35]} c5 {[%clk 0:50:38]} 18. Ne5
{[%clk 0:31:01]} c4 {[%clk 0:41:25]} 19. Bh7+ {[%clk 0:28:40]} Kh8
{[%clk 0:41:30]} 20. Be4 {[%clk 0:28:37]} c3 {[%clk 0:36:05]} 21. bxc3
{[%clk 0:23:11]} Bc6 {[%clk 0:30:15]} 22. Qd3 {[%clk 0:21:29]} f5
{[%clk 0:30:31]} 23. Ng6+ {[%clk 0:16:40]} Kg8 {[%clk 0:30:52]} 24. Nxf8
{[%clk 0:15:42]} fxe4 {[%clk 0:26:37]} 25. Qxe4 {[%clk 0:14:55]} Nf6
{[%clk 0:23:01]} 26. Qxe6+ {[%clk 0:11:16]} Kxf8 {[%clk 0:23:24]} 27. d5
{[%clk 0:10:12]} Re8 {[%clk 0:10:21]} 28. Qxc6 {[%clk 0:07:29]} Qxc6
{[%clk 0:10:46]} 29. dxc6 {[%clk 0:07:53]} hxg5 {[%clk 0:11:10]} 30. hxg5
{[%clk 0:06:22]} Ng8 {[%clk 0:10:54]} 31. Rd7 {[%clk 0:04:25]} Nb8
{[%clk 0:09:45]} 32. Rc7 {[%clk 0:04:15]} Ne7 {[%clk 0:08:29]} 33. Rh8+
{[%clk 0:04:32]} Kf7 {[%clk 0:08:57]} 34. g6+ {[%clk 0:04:53]}  1-0

[Event "Summer Prague Open 2022 - A"]
[Site "Olympik hotel, Sokolovska 138, Praha"]
[Date "2022.08.11"]
[Round "8"]
[Board "20"]
[White "Santagati, Alessandro"]
[Black "Soural, Jan"]
[Result "1/2-1/2"]
[WhiteElo "2287"]
[BlackElo "2144"]
[PlyCount "0"]
[EventDate "2022.08.05"]
[EventRounds "9"]
[EventCountry "CZE"]

1. e4 {[%clk 1:30:57]} c5 {[%clk 1:30:53]} 2. c3 {[%clk 1:31:24]} d5
{[%clk 1:30:26]} 3. exd5 {[%clk 1:31:46]} Qxd5 {[%clk 1:30:51]} 4. d4
{[%clk 1:32:10]} g6 {[%clk 1:31:17]} 5. Nf3 {[%clk 1:31:16]} Bg7 {[%clk 1:31:42]}
6. Na3 {[%clk 1:30:17]} Nf6 {[%clk 1:29:12]} 7. Bc4 {[%clk 1:20:12]} Qe4+
{[%clk 1:28:44]} 8. Be3 {[%clk 1:20:23]} O-O {[%clk 1:28:44]} 9. dxc5
{[%clk 1:18:36]} Ng4 {[%clk 1:21:13]} 10. Bd5 {[%clk 1:14:13]} Nxe3
{[%clk 1:20:06]} 11. Bxe4 {[%clk 1:14:15]} Nxd1 {[%clk 1:20:31]} 12. Rxd1
{[%clk 1:14:33]} Na6 {[%clk 1:16:38]} 13. c6 {[%clk 1:13:04]} bxc6
{[%clk 1:16:59]} 14. Bxc6 {[%clk 1:13:27]} Rb8 {[%clk 1:17:22]} 15. Rd2
{[%clk 1:09:55]} Bf5 {[%clk 0:40:49]} 16. Bb5 {[%clk 1:02:11]} Nc5
{[%clk 0:41:11]} 17. O-O {[%clk 0:51:30]} Ne4 {[%clk 0:37:26]} 18. Rd5
{[%clk 0:40:29]} a6 {[%clk 0:35:04]} 19. Bxa6 {[%clk 0:21:30]} Rxb2
{[%clk 0:34:57]} 20. Nb1 {[%clk 0:12:21]} Rxb1 {[%clk 0:17:25]} 21. Rxb1
{[%clk 0:11:46]} Nxc3 {[%clk 0:17:51]} 22. Rxf5 {[%clk 0:08:44]} gxf5
{[%clk 0:16:06]} 23. Rb7 {[%clk 0:07:37]} e6 {[%clk 0:15:39]} 24. Rb2
{[%clk 0:02:38]} Ra8 {[%clk 0:09:52]} 25. Bc4 {[%clk 0:02:28]} Rc8
{[%clk 0:10:05]} 26. Bf1 {[%clk 0:01:44]} Ra8 {[%clk 0:10:01]} 27. Bc4
{[%clk 0:02:08]} Rc8 {[%clk 0:09:37]} 28. Bf1 {[%clk 0:01:28]} Ra8
{[%clk 0:09:31]} 29. Bc4 {[%clk 0:01:36]} Rc8 {[%clk 0:09:57]} 30. Bf1
{[%clk 0:01:40]} Ra8 {[%clk 0:10:23]}  1/2-1/2

[Event "Summer Prague Open 2022 - A"]
[Site "Olympik hotel, Sokolovska 138, Praha"]
[Date "2022.08.11"]
[Round "8"]
[Board "21"]
[White "Karas, Marek"]
[Black "Vecera, Dominik"]
[Result "1-0"]
[WhiteElo "2275"]
[BlackElo "2074"]
[PlyCount "0"]
[EventDate "2022.08.05"]
[EventRounds "9"]
[EventCountry "CZE"]

1. b4 {[%clk 1:30:56]} Nf6 {[%clk 1:26:31]} 2. Nf3 {[%clk 1:30:43]} g6
{[%clk 1:24:19]} 3. c4 {[%clk 1:31:01]} Bg7 {[%clk 1:24:37]} 4. Bb2
{[%clk 1:31:25]} O-O {[%clk 1:23:23]} 5. g3 {[%clk 1:31:30]} d6 {[%clk 1:10:04]}
6. Bg2 {[%clk 1:31:15]} e5 {[%clk 1:09:25]} 7. d3 {[%clk 1:26:21]} Nc6
{[%clk 1:08:39]} 8. Qb3 {[%clk 1:22:55]} a5 {[%clk 1:00:22]} 9. b5
{[%clk 1:19:09]} Ne7 {[%clk 1:00:38]} 10. Nc3 {[%clk 1:18:36]} Nd7
{[%clk 0:51:03]} 11. Nd2 {[%clk 1:16:25]} Rb8 {[%clk 0:48:13]} 12. h4
{[%clk 1:09:13]} b6 {[%clk 0:31:44]} 13. Nde4 {[%clk 1:02:46]} Bb7
{[%clk 0:28:43]} 14. Rh2 {[%clk 0:59:38]} h6 {[%clk 0:18:49]} 15. O-O-O
{[%clk 0:55:49]} Kh8 {[%clk 0:16:52]} 16. Kb1 {[%clk 0:51:16]} f5
{[%clk 0:15:44]} 17. Nd2 {[%clk 0:51:34]} Nc5 {[%clk 0:13:53]} 18. Qc2
{[%clk 0:51:51]} d5 {[%clk 0:12:53]} 19. Ba3 {[%clk 0:45:30]} d4 {[%clk 0:03:36]}
20. Na4 {[%clk 0:43:52]} Bxg2 {[%clk 0:02:33]} 21. Rxg2 {[%clk 0:37:42]} c6
{[%clk 0:02:57]} 22. bxc6 {[%clk 0:35:36]} Nxa4 {[%clk 0:01:20]} 23. Qxa4
{[%clk 0:34:19]} b5 {[%clk 0:01:22]} 24. cxb5 {[%clk 0:34:35]} Qd5
{[%clk 0:00:43]} 25. Bxe7 {[%clk 0:33:50]} Rxb5+ {[%clk 0:01:01]} 26. Nb3
{[%clk 0:33:35]} Rc8 {[%clk 0:00:32]} 27. Rc1 {[%clk 0:30:08]} Rxb3+
{[%clk 0:00:39]} 28. Qxb3 {[%clk 0:30:26]} Qxg2 {[%clk 0:01:05]} 29. c7
{[%clk 0:30:04]} Qa8 {[%clk 0:01:05]} 30. Bd6 {[%clk 0:30:23]} e4
{[%clk 0:01:21]} 31. Qb8 {[%clk 0:30:08]}  1-0

[Event "Summer Prague Open 2022 - A"]
[Site "Olympik hotel, Sokolovska 138, Praha"]
[Date "2022.08.11"]
[Round "8"]
[Board "22"]
[White "Ali, Abdulaziz"]
[Black "Mannion, Stephen R"]
[Result "1/2-1/2"]
[WhiteElo "1930"]
[BlackElo "2232"]
[PlyCount "0"]
[EventDate "2022.08.05"]
[EventRounds "9"]
[EventCountry "CZE"]

1. e4 {[%clk 1:30:58]} e5 {[%clk 1:30:55]} 2. Nf3 {[%clk 1:31:23]} Nc6
{[%clk 1:31:20]} 3. Bb5 {[%clk 1:31:47]} a6 {[%clk 1:31:44]} 4. Ba4
{[%clk 1:32:13]} Nf6 {[%clk 1:32:07]} 5. O-O {[%clk 1:32:37]} Be7
{[%clk 1:32:30]} 6. Re1 {[%clk 1:33:01]} b5 {[%clk 1:32:48]} 7. Bb3
{[%clk 1:33:25]} d6 {[%clk 1:33:08]} 8. c3 {[%clk 1:33:48]} O-O {[%clk 1:33:29]}
9. h3 {[%clk 1:34:05]} Na5 {[%clk 1:33:50]} 10. Bc2 {[%clk 1:34:29]} c5
{[%clk 1:34:15]} 11. d4 {[%clk 1:34:51]} Qc7 {[%clk 1:34:32]} 12. d5
{[%clk 1:34:58]} Bd7 {[%clk 1:34:41]} 13. Nbd2 {[%clk 1:34:11]} c4
{[%clk 1:33:16]} 14. Nf1 {[%clk 1:33:48]} Nb7 {[%clk 1:32:57]} 15. g4
{[%clk 1:21:59]} Ne8 {[%clk 1:25:44]} 16. Ng3 {[%clk 1:19:05]} g6
{[%clk 1:26:05]} 17. Kg2 {[%clk 1:06:23]} Ng7 {[%clk 1:19:51]} 18. Bh6
{[%clk 1:01:22]} f6 {[%clk 1:17:45]} 19. g5 {[%clk 0:52:21]} Qc8 {[%clk 1:16:12]}
20. Rh1 {[%clk 0:52:26]} Nd8 {[%clk 1:13:19]} 21. gxf6 {[%clk 0:45:05]} Bxf6
{[%clk 1:13:26]} 22. Bg5 {[%clk 0:45:28]} Bxg5 {[%clk 1:13:13]} 23. Nxg5
{[%clk 0:45:53]} Nf7 {[%clk 1:13:33]} 24. Nxf7 {[%clk 0:45:49]} Rxf7
{[%clk 1:13:54]} 25. Qd2 {[%clk 0:43:22]} Rf4 {[%clk 1:09:24]} 26. Rh2
{[%clk 0:42:08]} Rh4 {[%clk 0:58:08]} 27. Rah1 {[%clk 0:41:41]} Qd8
{[%clk 0:58:24]} 28. Bd1 {[%clk 0:40:46]} h5 {[%clk 0:55:46]} 29. Qe3
{[%clk 0:33:41]} Qf6 {[%clk 0:35:10]} 30. Nf1 {[%clk 0:27:25]} Rf8
{[%clk 0:31:09]} 31. Nd2 {[%clk 0:26:45]} Rf4 {[%clk 0:21:03]} 32. Kf1
{[%clk 0:26:31]} Kh7 {[%clk 0:15:49]} 33. Ke1 {[%clk 0:26:28]} Kg8
{[%clk 0:08:47]} 34. Rg1 {[%clk 0:26:21]} Kh7 {[%clk 0:06:22]} 35. Rhg2
{[%clk 0:25:22]} Be8 {[%clk 0:06:50]} 36. Be2 {[%clk 0:22:33]}  1/2-1/2